Sports Quiz

Random Sports or Clickable Quiz

NFL 2015: Losing Record Minefield Quiz Stats

Quiz Updated Jan 18, 2016

Challenge
Share
Tweet
Embed
Score 0/16 Timer 02:00
97 Plays Today
% Correct
???
64.7%
???
57%
???
56.1%
???
55.4%
???
54.3%
???
53.6%
???
51.5%
???
50.9%
% Correct
???
47.8%
???
46.8%
???
45.2%
???
42.7%
???
39.7%
???
39.5%
???
39.2%
???
38.9%

You're not logged in!

Compare scores with friends on all Sporcle quizzes.
Join for Free
OR
Log In

You Might Also Like...

Show Comments

Extras

Top Quizzes Today


Score Distribution

Your Account Isn't Verified!

In order to create a playlist on Sporcle, you need to verify the email address you used during registration. Go to your Sporcle Settings to finish the process.

Report this User

Report this user for behavior that violates our Community Guidelines.

Details: